Southville International School and Colleges
Your cart is empty.
  • Cart
  • Lists
    Public lists list_1 View all
    Your lists Log in to create your own lists
  • Log in to your account
  • Your cookies
  • Search history
Southville International School and Colleges
  • Advanced search
  • Recent comments
  • Most popular
  • Libraries

Log in to your account

Log in with GOOGLE


If you do not have an external account, but do have a local account, you can still log in:

  1. Home
  2. MARC view: Creating the entrepreneurial organization /
Normal view MARC view ISBD view

Creating the entrepreneurial organization / (Record no. 117825)

[ view plain ]
MARC details
000 -LEADER
fixed length control field 00519nam a2200181Ia 4500
008 - FIXED-LENGTH DATA ELEMENTS--GENERAL INFORMATION
fixed length control field 140529s9999 xx 000 0 und d
020 ## - INTERNATIONAL STANDARD BOOK NUMBER
International Standard Book Number 1841122475
050 ## - LIBRARY OF CONGRESS CALL NUMBER
Classification number HD 58.8
Item number .C329 2002
100 ## - MAIN ENTRY--PERSONAL NAME
Personal name Cartwright, Roger.
245 ## - TITLE STATEMENT
Title Creating the entrepreneurial organization /
Statement of responsibility, etc Roger Cartwright
260 ## - PUBLICATION, DISTRIBUTION, ETC. (IMPRINT)
Place of publication, distribution, etc Oxford, U.K. :
Name of publisher, distributor, etc Capstone Pub.,
Date of publication, distribution, etc c2002.
300 ## - PHYSICAL DESCRIPTION
Extent 118 p. ;
Dimensions 18 cm.
500 ## - GENERAL NOTE
General note Includes index.
521 ## - TARGET AUDIENCE NOTE
Target audience note
650 ## - SUBJECT ADDED ENTRY--TOPICAL TERM
Topical term or geographic name as entry element Creative ability in business.
942 ## - ADDED ENTRY ELEMENTS (KOHA)
Call number prefix Foreign
Koha item type Books
Holdings
Withdrawn status Lost status Damaged status Home library Current library Shelving location Date acquired Cost, normal purchase price Total Checkouts Full call number Barcode Date last seen Price effective from Koha item type
      College Library College Library General Circulation Section 05/30/2014 680.00   HD 58.8 .C329 2002 C9277 05/15/2018 05/30/2014 Books

Creating the entrepreneurial organization /

APA

Cartwright R., . (2002). Creating the entrepreneurial organization. Oxford, U.K: Capstone Pub.

Chicago

Cartwright Roger, . 2002. Creating the entrepreneurial organization. Oxford, U.K: Capstone Pub.

Harvard

Cartwright R., . (2002). Creating the entrepreneurial organization. Oxford, U.K: Capstone Pub.

MLA

Cartwright Roger, . Creating the entrepreneurial organization. Oxford, U.K: Capstone Pub. 2002.

  • Place hold
  • Print
  • Cite
  • Add to your cart (remove)
  • Save record
    BIBTEX Dublin Core MARCXML MARC (non-Unicode/MARC-8) MARC (Unicode/UTF-8) MARC (Unicode/UTF-8, Standard) MODS (XML) RIS
  • More searches
    Search for this title in:
    Other Libraries (WorldCat) Other Databases (Google Scholar) Online Stores (Bookfinder.com) Open Library (openlibrary.org)

Exporting to Dublin Core...

SOUTHVILLE LIBRARY

Southville International School and Colleges Library

1281 Tropical Ave. Cor. Luxembourg St., BF Homes International, Las Pinas City

Tel. No. 8256374 / 252358 Loc. 117/146

Powered by Koha